| 000 | 00831nam a2200205 a 4500 | ||
|---|---|---|---|
| 001 | BRCA_8761 | ||
| 005 | 20190320210410.0 | ||
| 008 | 280317s1968----mx-#######---#000-0#spa-# | ||
| 041 | _aspa | ||
| 050 | 4 | _bA38 1968 | |
| 245 | 1 | 0 |
_aAdvertencias y reflecciones varias conducentes al buen uso de los reloxes _breproducción facsimilar del primer periódico especializado en el mundo sobre reloxes y la primera obra escrita en castellano sobre esta materia. |
| 260 |
_aMéxico _bVargas Rea _c1968 |
||
| 300 |
_a1 v. (sin paginación) _c20 cm. _e2 hojas sueltas y 1 tarjeta de presentación |
||
| 440 | 0 |
_aPapeles periódicos _921816 |
|
| 500 | _aDonación del Dr. Héctor Rivero Borrell Vázquez, 25-enero-2017 | ||
| 700 | 1 |
_aCossío, José L. _921817 |
|
| 700 | 1 |
_aGuadalaxara Tello, Diego _921818 |
|
| 902 | _aDHR | ||
| 942 |
_2lcc _cB |
||
| 999 |
_c8412 _d8412 |
||